Paese di pietra (Il)-Cassetta con 36 diapositive (Record n. 99003)

Dettagli MARC
000 -LEADER
fixed length control field 00932njm a2200301Ia 4500
001 - CONTROL NUMBER
control field 37590
003 - CONTROL NUMBER IDENTIFIER
control field IT-RoPAU
005 - DATE AND TIME OF LATEST TRANSACTION
control field 20220918181111.0
008 - FIXED-LENGTH DATA ELEMENTS--GENERAL INFORMATION
fixed length control field 131025s9999 xx 000 0 und d
040 ## - CATALOGING SOURCE
Original cataloging agency IT-RoPAU
040 ## - CATALOGING SOURCE
Transcribing agency IT-RoPAU
041 ## - LANGUAGE CODE
Language code of text/sound track or separate title ITALIANO
999 ## - SYSTEM CONTROL NUMBERS (KOHA)
Koha Dewey Subclass [OBSOLETE] n.d.
100 ## - MAIN ENTRY--PERSONAL NAME
Personal name Nazzari Antonietta
9 (RLIN) 19577
100 ## - MAIN ENTRY--PERSONAL NAME
Relator term Autore musica
9 (RLIN) 19578
100 ## - MAIN ENTRY--PERSONAL NAME
Miscellaneous information Codice autore musica SPICS: 17313
9 (RLIN) 19579
245 ## - TITLE STATEMENT
Title Paese di pietra (Il)-Cassetta con 36 diapositive
250 ## - EDITION STATEMENT
Edition statement 1a ed.
260 ## - PUBLICATION, DISTRIBUTION, ETC. (IMPRINT)
Place of publication, distribution, etc. ROMA
260 ## - PUBLICATION, DISTRIBUTION, ETC. (IMPRINT)
Name of publisher, distributor, etc. EDIZIONI PAOLINE FSP
Date of publication, distribution, etc. 1980 [1a Ed.:1980 - Ed. Lingua Orig.: 1980]
300 ## - PHYSICAL DESCRIPTION
Extent DIAPOMONTAGGIO
300 ## - PHYSICAL DESCRIPTION
Dimensions (Testo: 24 pag.)
500 ## - GENERAL NOTE
General note Diapomontaggio sonorizzato
505 ## - FORMATTED CONTENTS NOTE
Formatted contents note Il paese di pietra
650 ## - SUBJECT ADDED ENTRY--TOPICAL TERM
Topical term or geographic name as entry element DIDATTICO [DIAPOMONTAGGIO SONORIZZATO]
Relator term Codice MATERIA SPICS: 9971
9 (RLIN) 19580
700 ## - ADDED ENTRY--PERSONAL NAME
Personal name Dangrow Charles
Relator term Autore
Miscellaneous information Codice autore SPICS: 17314
9 (RLIN) 19581
942 ## - ADDED ENTRY ELEMENTS (KOHA)
Koha item type DIAPOSITIVE
Source of classification or shelving scheme Dewey Decimal Classification
Dati di copia
Withdrawn status Lost status Damaged status Not for loan Home library Current library Date acquired Total Checkouts Full call number Date last seen Price effective from Koha item type Public note
    Buone Condizioni Not For Loan SPICS-MEDIATECA SPICS-MEDIATECA 25/10/2013   37590 25/10/2013 25/10/2013 DIAPOSITIVE Progr. Ins.: 13516 / N.Vol.: 1 / Copie: 1 - Copia rara: n.d. / date import: 01.01.2014 - By Epidotti, Trombetti, Vaglietti
CREDITS: SOCIETA' SAN PAOLO Via A.Severo, 58 - ROMA (RM) & PERIODICI SAN PAOLO SRL Via Giotto, 36 MILANO & CISF Via Giotto, 36 MILANO & EDIZIONI SAN PAOLO SRL,  Piazza Soncino, 5 CINISELLO BALSAMO (MI) -- ITALY